Les couches terrestres - Statistiques

Statistiques générales
  • Ce quiz a été pris 45 fois
    29 depuis la dernière actualisation
  • Le résultat moyen est 5 sur 6
Statistiques - réponses
Couches % Correct
Noyau externe
100%
Noyau interne
100%
Manteau inférieur
79%
Manteau supérieur
79%
Croûte océanique
58%
Croûte continentale
54%
Aucun quiz correspondant
Distribution des résultats
% des personnes avec chaque résultat
Percentile par nombre de réponses
Votre historique - résultats
Vous n’avez pas pris ce quiz depuis la dernière actualisation